Statistics for One Hit Wonders of the 80's

Click here to take the quiz!

General Stats

  • This quiz has been taken 481 times
  • The average score is 21 of 50

Answer Stats

SongArtist% Correct
Take On MeA-Ha
95%
Tainted LoveSoft Cell
87%
Come on EileenDexys Midnight Runners
83%
99 Luft BalloonsNena
78%
Whip ItDevo
76%
RelaxFrankie Goes To Hollywood
75%
The Safety DanceMen Without Hats
74%
MickeyToni Basil
68%
We're Not Gonna Take ItTwisted Sister
68%
I Ran (So Far Away)Flock Of Seagulls
64%
I Just Died In Your ArmsCutting Crew
61%
Don't Worry Be HappyBobby McFerrin
59%
Video Killed the Radio StarThe Buggles
59%
867-5309 / JennyTommy Tutone
57%
Too ShyKajagoogoo
55%
Our HouseMadness
55%
In A Big CountryBig Country
53%
I Want CandyBow Wow Wow
53%
You Spin Me Round (Like A Record)Dead or Alive
53%
FunkytownLipps, Inc.
50%
Electric AvenueEddy Grant
49%
CarsGary Numan
49%
It's Raining MenWeather Girls
49%
She Blinded Me With ScienceThomas Dolby
46%
Somebody's Watching MeRockwell
39%
St. Elmos Fire (Man In Motion)John Parr
38%
Missing YouJohn Waite
38%
Turning JapaneseThe Vapors
35%
ManiacMichael Sembello
32%
I Melt With YouModern English
32%
Break My StrideMatthew Wilder
29%
Pass The DutchieMusical Youth
28%
Buffalo StanceNeneh Cherry
28%
ObsessionAnimotion
24%
Easy LoverPhilip Bailey
23%
Harden My HeartQuarterflash
21%
Keep Your Hands To YourselfGeorgia Satellites
20%
C'est La VieRobbie Nevil
16%
What I AmEdie Brickell & New Bohemians
15%
Let the Music PlayShannon
15%
Two of HeartsStacey Q
14%
The Future's So Bright, I Gotta Wear ShadesTimbuk 3
14%
Mexican RadioWall of Voodoo
14%
Oh YeahYello
14%
At This MomentBilly Vera
13%
It Takes TwoRob Base & DJ E-Z Rock
13%
I Know What Boys LikeThe Waitresses
13%
Respect YourselfBruce Willis
12%
Genius of LoveTom Tom Club
7%
Catch Me I'm FallingPretty Poison
5%

Score Distribution

Percentile by Number Answered

Percent of People with Each Score

Your Score History

You have not taken this quiz